Le professeur /

Saved in:
நூற்பட்டியல் விவரங்கள்
தலைமை எழுத்தாளர்: Prigent, Christian.
வடிவம்: புத்தகம்
மொழி:French
வெளியீடப்பட்டது: Limoges : Al Dante, [2011]
பதிப்பு:Nouv. éd.
பகுதிகள்:
குறியீடுகள்: குறிச்சொல் இணை
குறியீடுகள் இல்லை, இந்த குறிச்சொல்லை முதலில் பதிவு செய்யுங்கள்!
LEADER 00591nam a2200241Ma 4500
001 012995642-2
005 20120118120758.0
008 111116s2011 fr 000 f fre d
020 |a 9782847618457 
020 |a 2847618457 
035 0 |a ocn762961366 
040 |a TZT  |c TZT 
050 4 |a PQ2676.R48  |b P76 2011 
082 1 4 |a 843  |2 1 
100 1 |a Prigent, Christian. 
245 1 3 |a Le professeur /  |c Christian Prigent. 
250 |a Nouv. éd. 
260 |a Limoges :  |b Al Dante,  |c [2011] 
300 |a 147 p. ;  |c 17 cm. 
653 |a Novel 
899 |a 415_565629 
988 |a 20111207 
906 |0 OCLC